| 000 | 00549nam a2200181Ia 4500 | ||
|---|---|---|---|
| 008 | 190406s9999 xx 000 0 und d | ||
| 100 | _aKyeon Hun Lee, David C. Mauer, & Emma Qianying Xu | ||
| 245 | _aHuman Capital Relatedness and Mergers and Acquisitions | ||
| 245 | _cKyeon Hun Lee, David C. Mauer, Emma Qianying Xu | ||
| 260 | _bCL | ||
| 260 | _belsevier | ||
| 260 | _c2018 | ||
| 300 | _aCL | ||
| 500 | _aJournal of Financial Economics | ||
| 650 | _xHuman Capital Relatedness | ||
| 650 | _xMergers and Aquisitions | ||
| 942 |
_2lcc _cSE |
||
| 999 |
_c361374 _d361374 |
||